[Event "South Wales International"]
[White "Orton, Paul"]
[Black "Jukes, Sam"]
[Site "Cardiff"]
[Round "6.18"]
[Annotator ""]
[Result "0-1"]
[Date "2017.07.11"]
[WhiteElo "1615"]
[BlackElo "1730"]
[PlyCount "92"]

1. d4 Nf6 2. Bf4 g6 3. e3 Bg7 4. Be2 d5 5. Nd2 0-0 6. Ngf3 b6 7. Ne5 Nfd7 8. Ndf3 f6 9. Nxd7 Nxd7 10. 0-0 e5 11. dxe5 Nxe5 12. c3 c6 13. Ne1 Qe7 14. Nd3 Bf5 15. g4 Nxd3 16. Bxd3 Bxd3 17. Qxd3 Qe6 18. Qe2 f5 19. h3 fxg4 20. Qxg4 Rae8 21. Rae1 Be5 22. Qxe6+ Rxe6 23. Bxe5 Rxe5 24. f3 Rfe8 25. Kf2 Kf7 26. Re2 R8e6 27. Rfe1 Ke7 28. e4 Kd6 29. exd5 Rxe2+ 30. Rxe2 Rxe2+ 31. Kxe2 Kxd5 32. h4 c5 33. Ke3 Ke5 34. f4+ Kf5 35. Kf3 a6 36. b3 b5 37. c4 bxc4 38. bxc4 a5 39. a3 a4 40. Ke3 h6 41. Kf3 h5 42. Ke3 Kg4 43. Ke4 Kxh4 44. Kd5 Kg4 45. Kxc5 h4 46. Kb4 h3 0-1

[Event "South Wales International"]
[White "O`rourke, Kevin"]
[Black "Emblem, Mark"]
[Site "Cardiff"]
[Round "6.21"]
[Annotator ""]
[Result "0-1"]
[Date "2017.07.11"]
[WhiteElo "1296"]
[BlackElo "1567"]
[PlyCount "66"]

1. e4 c5 2. Nf3 g6 3. Bc4 Bg7 4. d3 e6 5. e5 Nc6 6. Bg5 Nge7 7. Bf6 Bxf6 8. exf6 Ng8 9. Nc3 Nxf6 10. Qe2 0-0 11. 0-0-0 d6 12. h3 a6 13. d4 b5 14. Bb3 c4 15. Bxc4 bxc4 16. Qxc4 Bb7 17. h4 Rc8 18. Qe2 Nh5 19. g3 Qf6 20. Ne4 Qg7 21. Nxd6 Rb8 22. a3 Rfd8 23. Nxb7 Rxb7 24. Qxa6 Qh6+ 25. Nd2 Rdb8 26. b3 Nxd4 27. Kb1 Nb5 28. a4 Nc3+ 29. Kb2 Nxd1+ 30. Rxd1 Qg7+ 31. Kb1 Qc3 32. Ne4 Rxb3+ 33. cxb3 Rxb3+ 0-1

[Event "South Wales International"]
[White "Chung, Ethan Cheung Jing"]
[Black "Jaberansari, Benjamin"]
[Site "Cardiff"]
[Round "6.22"]
[Annotator ""]
[Result "1-0"]
[Date "2017.07.11"]
[WhiteElo "1348"]
[BlackElo "921"]
[PlyCount "87"]

1. e4 d5 2. exd5 Nf6 3. Nf3 Nxd5 4. Bc4 Nc6 5. 0-0 Bg4 6. c3 e5 7. Re1 Bd6 8. Bxd5 0-0 9. Bxc6 bxc6 10. h3 Bh5 11. d4 Re8 12. dxe5 Bxe5 13. Qxd8 Raxd8 14. Nbd2 f6 15. g4 Bg6 16. Nxe5 fxe5 17. Nc4 Rd5 18. Bf4 e4 19. Rad1 Rc5 20. Rd4 Kf7 21. Nd2 Rd5 22. Nxe4 Rxd4 23. Ng5+ Kf8 24. Rxe8+ Kxe8 25. cxd4 Kd7 26. f3 h6 27. Ne4 Kc8 28. Kf2 Kb7 29. Nc5+ Kb6 30. Ne6 a5 31. Nxg7 Bf7 32. a4 Bb3 33. Bxh6 Bxa4 34. f4 Bb3 35. f5 a4 36. g5 c5 37. dxc5+ Kxc5 38. g6 Kd6 39. f6 c5 40. Ne8+ Kd7 41. f7 c4 42. f8=Q c3 43. Qd6+ Kc8 44. Qc7# 1-0

[Event "South Wales International"]
[White "Adams, Mark A"]
[Black "Thomas, Roy"]
[Site "Cardiff"]
[Round "6.23"]
[Annotator ""]
[Result "1/2-1/2"]
[Date "2017.07.11"]
[WhiteElo "1927"]
[BlackElo "1742"]
[PlyCount "70"]

1. e4 c5 2. Nf3 Nc6 3. d4 cxd4 4. Nxd4 e5 5. Nb5 d6 6. c4 Be7 7. N1c3 a6 8. Na3 Be6 9. Nc2 Bg5 10. Bd3 Bxc1 11. Qxc1 Nf6 12. Qe3 0-0 13. f3 Ne7 14. 0-0 Rc8 15. Nd5 Nfxd5 16. cxd5 Bd7 17. Rf2 Ng6 18. g3 f6 19. Ne1 Qa5 20. Ng2 Qc5 21. Qxc5 Rxc5 22. Ne3 Rd8 23. Rd1 Nh8 24. Rdd2 Nf7 25. Rc2 Rdc8 26. Rxc5 Rxc5 27. Rc2 Rxc2 28. Nxc2 g6 29. Ne3 Kf8 30. Kf2 Ke7 31. Ke1 h5 32. Kf2 Kd8 33. b3 Kc7 34. Ke2 b5 35. b4 Bc8 1/2-1/2

[Event "South Wales International"]
[White "Petrov, Marian"]
[Black "Wells, Peter K"]
[Site "Cardiff"]
[Round "7.1"]
[Annotator ""]
[Result "1/2-1/2"]
[Date "2017.07.12"]
[WhiteElo "2466"]
[BlackElo "2434"]
[PlyCount "23"]

1. e4 c5 2. c3 Nf6 3. e5 Nd5 4. Nf3 d6 5. d4 cxd4 6. cxd4 Nc6 7. Bc4 dxe5 8. Nxe5 e6 9. 0-0 Bd6 10. Bxd5 exd5 11. Bf4 Bxe5 12. Bxe5 1/2-1/2

[Event "South Wales International"]
[White "Rudd, Jack"]
[Black "Chatalbashev, Boris"]
[Site "Cardiff"]
[Round "7.2"]
[Annotator ""]
[Result "0-1"]
[Date "2017.07.12"]
[WhiteElo "2252"]
[BlackElo "2552"]
[PlyCount "52"]

1. d4 Nf6 2. c4 g6 3. Nc3 d5 4. f3 c5 5. dxc5 d4 6. Nb5 Nc6 7. e3 e5 8. exd4 Nxd4 9. Nd6+ Bxd6 10. cxd6 0-0 11. Ne2 Qxd6 12. Nxd4 exd4 13. Bd3 Re8+ 14. Kf2 Nd7 15. b3 Nc5 16. g4 b5 17. cxb5 Bb7 18. Bc4 d3 19. Be3 Rxe3 20. Kxe3 Re8+ 21. Kd2 Re2+ 22. Kc3 Bxf3 23. Bxd3 Ne4+ 24. Bxe4 Qc5+ 25. Kd3 Re3+ 26. Kd2 Qc3# 0-1

[Event "South Wales International"]
[White "Arkell, Keith C"]
[Black "Pleasants, Allan J"]
[Site "Cardiff"]
[Round "7.4"]
[Annotator ""]
[Result "1-0"]
[Date "2017.07.12"]
[WhiteElo "2424"]
[BlackElo "2103"]
[PlyCount "95"]

1. Nf3 Nf6 2. c4 g6 3. Nc3 c5 4. g3 Bg7 5. Bg2 Nc6 6. d4 cxd4 7. Nxd4 0-0 8. 0-0 Qa5 9. Nc2 Qh5 10. e4 Qxd1 11. Rxd1 d6 12. h3 Be6 13. Nd5 Rac8 14. Rb1 Rfe8 15. b3 Nd7 16. Nf4 Nc5 17. Nxe6 Nxe6 18. Be3 b6 19. h4 Nc5 20. f3 f5 21. exf5 gxf5 22. f4 Ne4 23. Bxe4 fxe4 24. Bf2 Bc3 25. Be1 Bf6 26. Rd2 Kf7 27. Re2 e5 28. Rxe4 Nd4 29. Nxd4 exd4 30. Rxe8 Rxe8 31. Kf1 h5 32. Bf2 Kg6 33. Rd1 Re4 34. Kg2 Re2 35. Kf3 Rxa2 36. Bxd4 Ra3 37. Bxf6 Rxb3+ 38. Kg2 Kxf6 39. Rxd6+ Kf5 40. Rd5+ Ke4 41. Rxh5 Rb2+ 42. Kh3 a5 43. Re5+ Kf3 44. Re1 a4 45. f5 a3 46. f6 Kf2 47. Ra1 Rb3 48. Ra2+ 1-0

[Event "South Wales International"]
[White "Ledger, Dave J"]
[Black "Menadue, Jeremy F S"]
[Site "Cardiff"]
[Round "7.5"]
[Annotator ""]
[Result "1-0"]
[Date "2017.07.12"]
[WhiteElo "2218"]
[BlackElo "2046"]
[PlyCount "126"]

1. e4 Nf6 2. Nc3 d5 3. e5 d4 4. Nce2 Ng4 5. f4 f6 6. h3 Nh6 7. Nf3 Nc6 8. c3 fxe5 9. fxe5 d3 10. Ned4 Nxd4 11. cxd4 Bf5 12. Qb3 Be4 13. Bxd3 Bxf3 14. gxf3 Qxd4 15. Qb5+ Kf7 16. e6+ Kxe6 17. Qxb7 Rd8 18. Be4 Qb6 19. Qxb6+ axb6 20. d3 Nf7 21. Bf4 Nd6 22. Bc6 g6 23. 0-0-0 Bg7 24. Rhe1+ Kf7 25. Bd5+ Kf8 26. Bg5 Nf5 27. Be4 Bh6 28. Bxh6+ Nxh6 29. h4 Nf7 30. h5 gxh5 31. Rh1 Nd6 32. Bc6 Nf7 33. Rxh5 Rd6 34. Be4 h6 35. Kd2 Rg8 36. Rh2 Ng5 37. Re1 Rf6 38. Ke3 Nxe4 39. dxe4 Kf7 40. Rc1 Rg3 41. Rf2 c5 42. e5 Rf5 43. Ke4 Ke6 44. f4 Rg4 45. Rc3 h5 46. Ke3 Rg3+ 47. Rf3 Rxf3+ 48. Kxf3 Kd5 49. Rd3+ Kc6 50. Ke4 Rf8 51. f5 Ra8 52. f6 exf6 53. exf6 Rxa2 54. f7 Ra8 55. Ke5 c4 56. Rg3 Rf8 57. Ke6 Kc5 58. Rg8 Rxf7 59. Kxf7 Kb4 60. Rg3 b5 61. Ke6 h4 62. Rh3 Kc5 63. Ke5 b4 1-0

[Event "South Wales International"]
[White "Marusenko, Petr"]
[Black "Davis, Lee"]
[Site "Cardiff"]
[Round "7.6"]
[Annotator ""]
[Result "1-0"]
[Date "2017.07.12"]
[WhiteElo "2162"]
[BlackElo "1952"]
[PlyCount "77"]

1. e4 g6 2. d4 d6 3. Nc3 Bg7 4. f4 Nf6 5. Nf3 c5 6. d5 0-0 7. Bd3 Na6 8. 0-0 Nc7 9. a4 b6 10. Qe1 a6 11. Qh4 Rb8 12. f5 b5 13. axb5 axb5 14. Bh6 c4 15. Be2 e6 16. dxe6 fxe6 17. fxg6 hxg6 18. e5 Nh7 19. Bg5 Qd7 20. Be7 dxe5 21. Bxf8 Nxf8 22. Ne4 Nd5 23. Nfg5 Nf4 24. Bf3 Bb7 25. Rad1 Qe7 26. g3 Bxe4 27. Bxe4 Ne2+ 28. Kf2 Bf6 29. Kxe2 Bxg5 30. Qg4 Kg7 31. h4 Bh6 32. Rf3 Rd8 33. Rdf1 Qb4 34. Rf7+ Kh8 35. Kf2 Qd2+ 36. Kg1 Qe3+ 37. Kh1 Qc5 38. Qf3 b4 39. h5 1-0

[Event "South Wales International"]
[White "Thorpe, Thomas"]
[Black "Van Kemenade, Rudy"]
[Site "Cardiff"]
[Round "7.10"]
[Annotator ""]
[Result "0-1"]
[Date "2017.07.12"]
[WhiteElo "1892"]
[BlackElo "1985"]
[PlyCount "50"]

1. f4 e5 2. e4 exf4 3. Nf3 d6 4. Bc4 h6 5. h4 Nf6 6. Nc3 Bg4 7. d4 Nh5 8. Qd3 Nc6 9. Nd5 g5 10. e5 dxe5 11. Nxe5 Nxe5 12. dxe5 c6 13. Nf6+ Nxf6 14. exf6 Qxf6 15. 0-0 Bc5+ 16. Kh1 0-0 17. Bd2 b5 18. Bb3 Rad8 19. Bc3 Bd4 20. Bxd4 Rxd4 21. Qc3 Qd6 22. Qa5 Be2 23. Rf2 f3 24. gxf3 Qg3 25. Bxf7+ Rxf7 0-1

[Event "South Wales International"]
[White "Bevan, Peter M"]
[Black "Kett, Tim"]
[Site "Cardiff"]
[Round "7.12"]
[Annotator ""]
[Result "0-1"]
[Date "2017.07.12"]
[WhiteElo "1933"]
[BlackElo "2208"]
[PlyCount "76"]

1. c4 e5 2. g3 Nf6 3. Bg2 d6 4. Nc3 g6 5. d3 Bg7 6. e4 0-0 7. Nge2 Nc6 8. 0-0 a6 9. h3 Rb8 10. a4 a5 11. Be3 Nb4 12. Nd5 Nfxd5 13. exd5 Bf5 14. Ra3 c6 15. g4 Bd7 16. d4 cxd5 17. cxd5 Rc8 18. Nc3 exd4 19. Bxd4 Bxd4 20. Qxd4 Nc2 21. Qd2 Nxa3 22. bxa3 f5 23. g5 Rc4 24. Nb5 Bxb5 25. axb5 Re8 26. Rc1 Qc8 27. Rxc4 Qxc4 28. Bf1 Qh4 29. Qc1 f4 30. Qc7 Qxg5+ 31. Kh2 Qe7 32. Qxa5 Qe1 33. Qxe1 Rxe1 34. Bc4 Ra1 35. h4 Rxa3 36. Kg2 Rc3 37. Be2 Kg7 38. Bg4 Kf6 0-1

[Event "South Wales International"]
[White "Brown, Thomas"]
[Black "Whitehead, Mark A"]
[Site "Cardiff"]
[Round "7.13"]
[Annotator ""]
[Result "0-1"]
[Date "2017.07.12"]
[WhiteElo "2063"]
[BlackElo "1917"]
[PlyCount "94"]

1. d4 Nf6 2. c4 e6 3. Nc3 Bb4 4. f3 d5 5. a3 Be7 6. e4 dxe4 7. fxe4 e5 8. Nf3 exd4 9. Qxd4 Qxd4 10. Nxd4 c6 11. Nf5 Bxf5 12. exf5 Nbd7 13. Bf4 0-0-0 14. 0-0-0 Nc5 15. Rxd8+ Rxd8 16. Kc2 Nce4 17. Nd1 Rxd1 18. Kxd1 Nf2+ 19. Ke1 Nxh1 20. Be3 Ng4 21. Bg1 Bd6 22. g3 Nxg3 23. hxg3 Bxg3+ 24. Ke2 Be5 25. b4 b6 26. Bg2 Kc7 27. b5 cxb5 28. cxb5 Bd6 29. Bd4 f6 30. a4 Bc5 31. Bc3 Nh6 32. Be4 Nf7 33. Bd2 Kd7 34. Bf4 Bd6 35. Be3 Bc7 36. Bd2 Ke7 37. Bb4+ Bd6 38. Bc3 Bc5 39. Bd2 Nd6 40. Bd3 Kf7 41. Bf4 g5 42. fxg6+ hxg6 43. Bxd6 Bxd6 44. Bc4+ Ke7 45. Kf3 f5 46. Bd5 Kf6 47. Bc6 g5 0-1

[Event "South Wales International"]
[White "Bridges, Paul"]
[Black "Dixon, Chris"]
[Site "Cardiff"]
[Round "7.16"]
[Annotator ""]
[Result "1/2-1/2"]
[Date "2017.07.12"]
[WhiteElo "1796"]
[BlackElo "1806"]
[PlyCount "22"]

1. e4 d6 2. d4 Nf6 3. Bd3 e5 4. d5 Be7 5. Ne2 0-0 6. 0-0 Nbd7 7. c4 Nc5 8. Nbc3 Nh5 9. f4 Nxf4 10. Nxf4 exf4 11. Bxf4 Nxd3 1/2-1/2

[Event "South Wales International"]
[White "Hurn, Robert Aj"]
[Black "Wilson, Matthew R"]
[Site "Cardiff"]
[Round "7.17"]
[Annotator ""]
[Result "0-1"]
[Date "2017.07.12"]
[WhiteElo "1594"]
[BlackElo "1829"]
[PlyCount "134"]

1. d4 Nf6 2. c4 e6 3. Nc3 d5 4. cxd5 exd5 5. Bg5 c6 6. e3 h6 7. Bh4 Be7 8. Bd3 Nbd7 9. Nge2 Nh5 10. Bxe7 Qxe7 11. 0-0 0-0 12. Qd2 Nb6 13. b3 Qg5 14. Kh1 Bf5 15. Rad1 Rfe8 16. Bxf5 Qxf5 17. Qd3 Qe6 18. Ng1 Nf6 19. Rde1 Ne4 20. Nd1 Qg6 21. Qe2 Rac8 22. f3 Ng5 23. Qd2 c5 24. Ne2 c4 25. Nf4 Qd6 26. Ne2 Rc7 27. Ndc3 Qb4 28. h4 Nh7 29. Nb1 Qe7 30. g3 Qxe3 31. Qb4 Qe7 32. Qd2 Qf6 33. Nbc3 Rce7 34. Kg2 Qd6 35. Nb5 Qb8 36. Qb4 Rxe2+ 37. Kh3 Rxe1 38. Rxe1 Rxe1 39. Qxe1 a6 40. Nc3 cxb3 41. axb3 Qc8+ 42. Kg2 Qe6 43. Qc1 Nf6 44. Qd2 Nbd7 45. Ne2 Nb8 46. Nf4 Qe7 47. Nd3 Nc6 48. Nc5 a5 49. Kf2 b6 50. Na4 Qb4 51. Qc2 Qxd4+ 52. Kg2 Ne7 53. Nb2 Qe3 54. Nd1 Qe5 55. Nf2 d4 56. Nd1 Nfd5 57. Qe4 Qxe4 58. fxe4 Ne3+ 59. Nxe3 dxe3 60. Kf3 b5 61. Kxe3 Nc6 62. Kd3 h5 63. Kc3 f6 64. Kb2 Kf7 65. Kc3 Ke6 66. Kd3 Ke5 67. Ke3 a4 0-1

[Event "South Wales International"]
[White "Livermore, Richard"]
[Black "Jeanes, Andrew"]
[Site "Cardiff"]
[Round "7.18"]
[Annotator ""]
[Result "0-1"]
[Date "2017.07.12"]
[WhiteElo "1565"]
[BlackElo "1622"]
[PlyCount "100"]

1. d4 e6 2. Nf3 d5 3. e3 c6 4. Bd3 f5 5. Nbd2 Nf6 6. Ne5 Be7 7. Ndf3 0-0 8. 0-0 Nbd7 9. c4 Nxe5 10. Nxe5 Bd7 11. Bd2 Ne4 12. Rc1 Nxd2 13. Qxd2 Bd6 14. f4 Bxe5 15. dxe5 Qe7 16. b4 Rfc8 17. c5 a6 18. Qe2 Qe8 19. Rf2 Qe7 20. g4 g6 21. Rg2 Kf7 22. Rf1 Rh8 23. Rf3 Rag8 24. Rfg3 Ke8 25. Qc2 Qf7 26. a4 Ke7 27. Qd1 Qe8 28. e4 fxe4 29. Bxe4 dxe4 30. Qd6+ Kf7 31. Rd2 Bc8 32. Re3 Qd8 33. Rxe4 Qxd6 34. exd6 Bd7 35. b5 axb5 36. axb5 cxb5 37. Re3 Ra8 38. f5 gxf5 39. gxf5 Rae8 40. fxe6+ Rxe6 41. Rf2+ Ke8 42. Rfe2 Rg8+ 43. Kf2 Rgg6 44. Kf3 Bc6+ 45. Kf4 Kd7 46. Kf5 Rgf6+ 47. Kg5 h6+ 48. Kg4 Rg6+ 49. Kf5 Rg5+ 50. Kf4 Rf6# 0-1

[Event "South Wales International"]
[White "Chong, Kimberly"]
[Black "Orton, Paul"]
[Site "Cardiff"]
[Round "7.19"]
[Annotator ""]
[Result "1-0"]
[Date "2017.07.12"]
[WhiteElo "1356"]
[BlackElo "1615"]
[PlyCount "23"]

1. e4 c5 2. c3 g6 3. Nf3 Bg7 4. Bc4 Nf6 5. e5 Ng8 6. 0-0 e6 7. d4 cxd4 8. cxd4 Ne7 9. Nc3 Qc7 10. Nb5 Qd8 11. Nd6+ Kf8 12. Ng5 1-0

[Event "South Wales International"]
[White "Emblem, Mark"]
[Black "Chung, Ethan Cheung Jing"]
[Site "Cardiff"]
[Round "7.20"]
[Annotator ""]
[Result "1/2-1/2"]
[Date "2017.07.12"]
[WhiteElo "1567"]
[BlackElo "1348"]
[PlyCount "77"]

1. d4 d5 2. Bf4 Nf6 3. e3 Bf5 4. Nd2 e6 5. Ngf3 Nbd7 6. h3 c5 7. c3 a6 8. Nh4 Be4 9. Nhf3 b5 10. Nxe4 Nxe4 11. Bd3 Ndf6 12. 0-0 c4 13. Bc2 a5 14. a3 b4 15. axb4 axb4 16. Rxa8 Qxa8 17. Qa1 Qxa1 18. Rxa1 bxc3 19. bxc3 Nxc3 20. Kf1 Nd7 21. Nd2 f6 22. e4 g5 23. Be3 Bg7 24. exd5 exd5 25. Nb1 Nxb1 26. Rxb1 Ke7 27. Bf5 Rb8 28. Rxb8 Nxb8 29. Bxh7 Nc6 30. Bf5 Kf7 31. Ke2 Ne7 32. Bc2 Bh6 33. h4 Kg7 34. h5 f5 35. g3 f4 36. Bd2 fxg3 37. fxg3 Nc6 38. Bc3 Ne7 39. g4 1/2-1/2

[Event "South Wales International"]
[White "Cheung, Ryan"]
[Black "Williams, Ron"]
[Site "Cardiff"]
[Round "7.21"]
[Annotator ""]
[Result "1/2-1/2"]
[Date "2017.07.12"]
[WhiteElo "1318"]
[BlackElo "1704"]
[PlyCount "48"]

1. d4 e6 2. Nf3 f5 3. g3 Nf6 4. Bg2 Be7 5. c4 0-0 6. Nc3 d6 7. 0-0 Ne4 8. Qc2 Nxc3 9. Qxc3 Bf6 10. Qc2 Qe8 11. e4 e5 12. dxe5 dxe5 13. exf5 Qh5 14. Bd2 Bxf5 15. Qb3 Be4 16. Rfe1 Bxf3 17. Bxf3 Qe8 18. Bxb7 Nc6 19. Bxa8 Qxa8 20. Rad1 Nd4 21. Qa4 Nf3+ 22. Kf1 Nxh2+ 23. Kg1 Nf3+ 24. Kf1 Nh2+ 1/2-1/2

[Event "South Wales International"]
[White "Chatalbashev, Boris"]
[Black "Wells, Peter K"]
[Site "Cardiff"]
[Round "8.1"]
[Annotator ""]
[Result "1-0"]
[Date "2017.07.12"]
[WhiteElo "2552"]
[BlackElo "2434"]
[PlyCount "133"]

1. c4 e5 2. g3 Nf6 3. Bg2 c6 4. Nf3 e4 5. Nd4 d5 6. d3 Bc5 7. Nb3 Bb4+ 8. Bd2 Bxd2+ 9. Qxd2 dxc4 10. dxc4 Qe7 11. Nc3 0-0 12. Qe3 Re8 13. 0-0-0 Nbd7 14. Rd4 c5 15. Rdd1 b6 16. Nb5 Ne5 17. Nd6 Ba6 18. Nxe8 Rxe8 19. Nd2 Neg4 20. Qa3 Bb7 21. Qxa7 Nxf2 22. Qxb6 Nxh1 23. Bxh1 Ng4 24. Rf1 e3 25. Nb3 Bxh1 26. Rxh1 Qe4 27. Rd1 Qxc4+ 28. Kb1 h5 29. Qc6 Nf6 30. Qf3 Qb5 31. Rc1 c4 32. Nd4 Qb4 33. Nc2 Qc5 34. Rd1 c3 35. b4 Qe5 36. Rd3 Ne4 37. Qxe3 Qb5 38. Qd4 Qa4 39. Qd5 Nd2+ 40. Kc1 Rc8 41. Qa5 Qe8 42. Qf5 Qc6 43. Rd5 Ra8 44. Qd3 g6 45. Rd8+ Rxd8 46. Qxd8+ Kh7 47. Ne3 Qe4 48. Qd3 Qxb4 49. Qc2 Qa3+ 50. Kd1 Qc5 51. Qd3 Kg7 52. Kc2 Nb1 53. Nc4 Qb4 54. Qd4+ Kh7 55. Qd5 Kg7 56. Kd3 Qa4 57. Ne3 Qa3 58. Qb3 Qd6+ 59. Nd5 f5 60. Kc2 Na3+ 61. Kxc3 Qc5+ 62. Kd3 Kh6 63. Nc3 h4 64. gxh4 f4 65. Nd5 Nb5 66. Qc4 Qa3+ 67. Kc2 1-0

[Event "South Wales International"]
[White "Marusenko, Petr"]
[Black "Petrov, Marian"]
[Site "Cardiff"]
[Round "8.2"]
[Annotator ""]
[Result "0-1"]
[Date "2017.07.12"]
[WhiteElo "2162"]
[BlackElo "2466"]
[PlyCount "118"]

1. d4 g6 2. c4 Bg7 3. Nf3 c5 4. g3 cxd4 5. Nxd4 Nc6 6. Nc2 d6 7. Bg2 Be6 8. Ne3 Qd7 9. 0-0 Rc8 10. Na3 Bh3 11. Nac2 Bxg2 12. Kxg2 Nf6 13. Rb1 0-0 14. b3 Ne4 15. Bb2 Nc3 16. Bxc3 Bxc3 17. Nd5 Bg7 18. e4 e6 19. Nde3 f5 20. exf5 gxf5 21. f4 Rfd8 22. Qd3 Ne7 23. Rbd1 Qc6+ 24. Kg1 d5 25. Qe2 d4 26. Ng2 b5 27. Nb4 Qb6 28. Nd3 bxc4 29. bxc4 Rxc4 30. Rfe1 Rc6 31. Rb1 Qa6 32. Rb3 Nd5 33. Qb2 Rdc8 34. Re2 Rc3 35. Nge1 Rxb3 36. Qxb3 Rc3 37. Qb8+ Rc8 38. Qb3 h6 39. g4 Rc3 40. Qb8+ Rc8 41. Qb3 Rc3 42. Qb8+ Kh7 43. Qb1 Ne3 44. gxf5 exf5 45. Rf2 Rc6 46. Rf3 Rb6 47. Qc1 Qxa2 48. Rg3 Rg6 49. Rxg6 Kxg6 50. Qc6+ Kh7 51. Ne5 Bxe5 52. fxe5 Qg8+ 53. Kh1 Qd5+ 54. Qxd5 Nxd5 55. Kg2 a5 56. Kf2 a4 57. Nc2 d3 58. Na3 f4 59. Kf3 Nc3 0-1

[Event "South Wales International"]
[White "Lauridsen, Jesper Morch"]
[Black "Ledger, Dave J"]
[Site "Cardiff"]
[Round "8.4"]
[Annotator ""]
[Result "1/2-1/2"]
[Date "2017.07.12"]
[WhiteElo "2247"]
[BlackElo "2218"]
[PlyCount "65"]

1. e4 e5 2. Nf3 Nc6 3. Bb5 a6 4. Bxc6 dxc6 5. 0-0 Qf6 6. d4 exd4 7. Bg5 Qd6 8. Qxd4 Qxd4 9. Nxd4 Be7 10. Bf4 Bd8 11. Nc3 Ne7 12. Rad1 Ng6 13. Bg3 h5 14. h3 h4 15. Bh2 Ne7 16. Rfe1 c5 17. Nf5 Bxf5 18. exf5 Kf8 19. f6 gxf6 20. Rd7 Ng6 21. Bxc7 Kg7 22. Bxd8 Rhxd8 23. Rxb7 Rd2 24. Ne4 Re8 25. Kf1 Rxc2 26. Rxf7+ Kxf7 27. Nd6+ Kg7 28. Nxe8+ Kf7 29. Nd6+ Kg7 30. Nf5+ Kf7 31. Rb1 Nf4 32. Ne3 Rd2 33. Nc4 1/2-1/2

[Event "South Wales International"]
[White "Menadue, Jeremy F S"]
[Black "Rudd, Jack"]
[Site "Cardiff"]
[Round "8.7"]
[Annotator ""]
[Result "0-1"]
[Date "2017.07.12"]
[WhiteElo "2046"]
[BlackElo "2252"]
[PlyCount "98"]

1. d4 d6 2. e4 g6 3. c4 Bg7 4. Nc3 Nf6 5. Nge2 0-0 6. Ng3 c5 7. d5 e6 8. Be2 exd5 9. cxd5 Na6 10. 0-0 Nc7 11. Be3 Nd7 12. Qd2 Re8 13. Kh1 a6 14. a4 b6 15. f3 Rb8 16. Rab1 b5 17. axb5 Nxb5 18. Nxb5 axb5 19. Rfe1 Ne5 20. b3 Bd7 21. Bf1 h5 22. Bg5 f6 23. Bf4 h4 24. Bxe5 Rxe5 25. Ne2 f5 26. exf5 Rxf5 27. h3 Qf6 28. Ra1 Rb7 29. Ra6 c4 30. Qb4 cxb3 31. Qxb3 b4 32. Rc1 Kh7 33. Rac6 Be8 34. Rc7 Rb5 35. Ra7 Rc5 36. Qxb4 Rfxd5 37. Rxc5 dxc5 38. Qe4 Bc6 39. Kg1 Rd7 40. Rxd7 Bxe4 41. fxe4 c4 42. Nd4 c3 43. Bd3 Kh6 44. Kh1 Qf4 45. Nf3 Qc1+ 46. Kh2 c2 47. Rf7 Qd1 48. Bxc2 Qxc2 49. Rf4 Qc7 0-1

[Event "South Wales International"]
[White "Davis, Lee"]
[Black "Kett, Tim"]
[Site "Cardiff"]
[Round "8.8"]
[Annotator ""]
[Result "0-1"]
[Date "2017.07.12"]
[WhiteElo "1952"]
[BlackElo "2208"]
[PlyCount "74"]

1. b3 Nf6 2. Bb2 g6 3. c4 Bg7 4. g3 0-0 5. Bg2 d6 6. Nf3 e5 7. d3 Nbd7 8. Nbd2 Nh5 9. Qc2 c6 10. d4 Re8 11. dxe5 dxe5 12. e4 Nc5 13. 0-0 a5 14. Rfd1 Qc7 15. Nb1 Nf6 16. Nc3 Nfd7 17. Re1 Nf8 18. Ba3 Nfe6 19. Nd5 cxd5 20. cxd5 Na6 21. Qxc7 Nexc7 22. Bf1 Bd7 23. Rec1 Rac8 24. Bd6 f6 25. a4 Na8 26. Bb5 Rcd8 27. Bxa6 bxa6 28. Bc7 Nxc7 29. Rxc7 f5 30. Rc5 fxe4 31. Nd2 Bf8 32. Rc4 Bf5 33. g4 Rxd5 34. Nf1 Be6 35. Rxe4 Rd4 36. Rxe5 Rxg4+ 37. Ng3 Bg7 0-1

[Event "South Wales International"]
[White "Whitehead, Mark A"]
[Black "Pleasants, Allan J"]
[Site "Cardiff"]
[Round "8.10"]
[Annotator ""]
[Result "1/2-1/2"]
[Date "2017.07.12"]
[WhiteElo "1917"]
[BlackElo "2103"]
[PlyCount "84"]

1. e4 g6 2. d4 Bg7 3. c3 d6 4. Bd3 Nf6 5. Ne2 0-0 6. 0-0 c5 7. Nd2 cxd4 8. Nxd4 Nc6 9. N2f3 Qa5 10. h3 Bd7 11. Re1 Rfd8 12. Qe2 Be8 13. Nb3 Qc7 14. Be3 Nd7 15. Nfd4 Nce5 16. Nb5 Qb8 17. Bc2 a6 18. Na3 b5 19. f4 Nc6 20. Nd4 Qb7 21. Rac1 Rac8 22. Bb3 Nc5 23. Bd5 e6 24. Nxc6 Bxc6 25. Bxc6 Qxc6 26. Bf2 Na4 27. Nb1 Qc4 28. Qxc4 bxc4 29. Rc2 Rb8 30. Ree2 d5 31. exd5 exd5 32. Bd4 Bxd4+ 33. cxd4 Re8 34. Nc3 Rxe2 35. Rxe2 Nxc3 36. bxc3 Rb1+ 37. Kf2 Rc1 38. Re5 Rxc3 39. Rxd5 Rc2+ 40. Kf3 Rxa2 41. Rd8+ Kg7 42. Rc8 Rc2 1/2-1/2

[Event "South Wales International"]
[White "Hewitt, William"]
[Black "Chong, Kimberly"]
[Site "Cardiff"]
[Round "8.11"]
[Annotator ""]
[Result "0-1"]
[Date "2017.07.12"]
[WhiteElo "2018"]
[BlackElo "1356"]
[PlyCount "68"]

1. e4 e5 2. Nf3 Nc6 3. Bb5 a6 4. Ba4 Nf6 5. 0-0 b5 6. Bb3 Be7 7. Re1 0-0 8. h3 d6 9. c3 Na5 10. Bc2 c5 11. d4 Qc7 12. d5 c4 13. Nbd2 Nb7 14. a4 Bd7 15. Nf1 Nc5 16. axb5 axb5 17. Rb1 Ra2 18. Ng3 Rfa8 19. Bd2 Nd3 20. Bxd3 cxd3 21. Re3 Qa5 22. Ne1 Qa4 23. Nxd3 Qxd1+ 24. Rxd1 b4 25. cxb4 Bb5 26. Bc3 Bd8 27. Ree1 Bb6 28. Re2 Ra1 29. Red2 h5 30. h4 Ng4 31. Nh1 Rxd1+ 32. Rxd1 Bxd3 33. Re1 f5 34. Rc1 fxe4 0-1

[Event "South Wales International"]
[White "Wilson, Matthew R"]
[Black "Waterfield, John W"]
[Site "Cardiff"]
[Round "8.12"]
[Annotator ""]
[Result "1/2-1/2"]
[Date "2017.07.12"]
[WhiteElo "1829"]
[BlackElo "1967"]
[PlyCount "70"]

1. e4 c5 2. Nc3 Nc6 3. f4 g6 4. Nf3 Bg7 5. Bb5 Nd4 6. 0-0 Nxb5 7. Nxb5 d5 8. e5 a6 9. Nc3 Nh6 10. d4 cxd4 11. Qxd4 Nf5 12. Qxd5 Qb6+ 13. Kh1 0-0 14. Ne4 Rd8 15. Qc5 Qxc5 16. Nxc5 Rd5 17. Na4 Rb8 18. Nb6 Rb5 19. Nxc8 Rxc8 20. c3 f6 21. g4 Nh6 22. exf6 exf6 23. Nd4 Rd5 24. h3 f5 25. g5 Bxd4 26. cxd4 Nf7 27. Bd2 Rxd4 28. Bc3 Rd3 29. Kg2 Nd6 30. Rad1 Rxd1 31. Rxd1 Ne4 32. Be5 Rc2+ 33. Kg1 Nd2 34. Bc3 Nf3+ 35. Kf1 Nh2+ 1/2-1/2

[Event "South Wales International"]
[White "Dixon, Chris"]
[Black "Taylor, Robert Graham"]
[Site "Cardiff"]
[Round "8.13"]
[Annotator ""]
[Result "1/2-1/2"]
[Date "2017.07.12"]
[WhiteElo "1806"]
[BlackElo "1944"]
[PlyCount "53"]

1. d4 Nf6 2. Nc3 g6 3. e4 d6 4. Be3 Bg7 5. Qd2 0-0 6. 0-0-0 Nbd7 7. f3 c6 8. h4 b5 9. Kb1 Nb6 10. Bh6 b4 11. Nce2 Nc4 12. Qg5 e6 13. Ng3 Nb6 14. h5 Nfd7 15. Qxd8 Rxd8 16. Bxg7 Kxg7 17. hxg6 hxg6 18. f4 Bb7 19. Nf3 Rh8 20. Be2 d5 21. e5 a5 22. Rxh8 Rxh8 23. Rh1 Rxh1+ 24. Nxh1 c5 25. Nf2 c4 26. g4 Bc6 27. c3 1/2-1/2

[Event "South Wales International"]
[White "Jeanes, Andrew"]
[Black "Thorpe, Thomas"]
[Site "Cardiff"]
[Round "8.16"]
[Annotator ""]
[Result "0-1"]
[Date "2017.07.12"]
[WhiteElo "1622"]
[BlackElo "1892"]
[PlyCount "144"]

1. c4 e5 2. Nc3 Nc6 3. d3 Nf6 4. e4 Bc5 5. Be3 d6 6. h3 Nd4 7. Be2 c6 8. Nf3 0-0 9. 0-0 Nxe2+ 10. Qxe2 Bxe3 11. Qxe3 Qc7 12. Rac1 Nd7 13. Nh4 Nc5 14. b4 Ne6 15. Nf5 f6 16. Ne2 g6 17. Nfg3 Qb6 18. a3 Qxe3 19. fxe3 Bd7 20. Nc3 Kg7 21. a4 Rfe8 22. Nh1 a5 23. b5 Nc5 24. Nf2 f5 25. exf5 Bxf5 26. e4 Bd7 27. Rb1 Rab8 28. Kh2 Rf8 29. Kg1 Ne6 30. bxc6 bxc6 31. Rxb8 Rxb8 32. Rb1 Rxb1+ 33. Nxb1 Nc5 34. Nc3 g5 35. g3 Be8 36. Kg2 h5 37. Kh2 Kf6 38. g4 hxg4 39. hxg4 Bd7 40. Kg3 Be6 41. Kf3 Nd7 42. Kg3 Nc5 43. Kf3 Kg6 44. Kg3 Nd7 45. Kf3 Nb6 46. Kg3 Nd7 47. Kf3 Nc5 48. Kg3 Na6 49. Kf3 Nb4 50. Kg3 d5 51. cxd5 cxd5 52. exd5 Nxd5 53. Nxd5 Bxd5 54. Ne4 Bc6 55. Nc5 Kf6 56. Nb3 Bxa4 57. Nxa5 Bc2 58. Nc4 Bxd3 59. Ne3 e4 60. Nf5 Ke5 61. Ne3 Bb5 62. Nf5 Bd7 63. Ne3 Bc8 64. Nc2 Be6 65. Ne3 Kd4 66. Kf2 Kd3 67. Nf5 Kd2 68. Ne3 Bg8 69. Nf5 Bf7 70. Ne3 Be6 71. Nf5 Bxf5 72. gxf5 e3+ 0-1